| 000 | 01296nam a2200229Ia 4500 | ||
|---|---|---|---|
| 000 | 01839naaa 00337uu | ||
| 001 | https://directory.doabooks.org/handle/20.500.12854/63610 | ||
| 005 | 20260218105628.0 | ||
| 008 | 211013s9999 xx 000 0 und d | ||
| 024 | _a10.1515/9783110681017 | ||
| 042 | _adc | ||
| 245 | 0 | _aDeveloping Heritage - Developing Countries : Ethiopian Nation-Building and the Origins of UNESCO World Heritage, 1960-1980 | |
| 260 |
_aBerlin/Boston _bDe Gruyter _c2020 |
||
| 300 | _a1 electronic resource (204 p.) | ||
| 520 | _aSeven Ethiopian heritage sites were among the first sites on the UNESCO World Heritage List - a stunning number for an African country at the time and the product of extended international technical assistance and tourism planning. This book unpacks the beginnings of World Heritage in development thinking and the significance of national heritage for developing countries in a global context during the 1960s and 1970s. | ||
| 540 | _aCreative Commons | ||
| 653 | _aDevelopmental history | ||
| 700 | 1 | _aHuber, Marie | |
| 856 |
_uhttps://docs.google.com/spreadsheets/d/1yKIrdCPDAG_9c22mwoOIO2DOhtj65Wqa/edit?usp=sharing&ouid=106555315294820607512&rtpof=true&sd=true _yList of Curated E-Books |
||
| 942 | _cE-BOOK | ||
| 999 |
_c89836 _d89833 |
||